| 000 | 00517nam a22001577a 4500 | ||
|---|---|---|---|
| 999 |
_c12288 _d12288 |
||
| 008 | 190122b ||||| |||| 00| 0 eng d | ||
| 082 |
_21972 _aDFil 920 _bM75 |
||
| 100 |
_aMonleon, Fernando _934720 |
||
| 245 |
_aRizal: _bthe Filipino hero / _cFernando B. Monleon |
||
| 260 |
_aManila: _bAbiva Publishing House Inc., _c1972 |
||
| 300 |
_ax, 218 pages: _billustrations; _c22 cm. |
||
| 500 | _aIncludes bibliography. | ||
| 650 |
_aRizal, Jose, 1861-1896 _934726 |
||
| 650 |
_aHeroes _zPhilippines _93451 |
||
| 942 |
_2ddc _cDFIL |
||